000 00304nam a2200109Ia 4500
008 200302s9999 xx 000 0 und d
100 _aPia Brancaccio
245 _aLiving Rock: Buddhist, Hindu and Jain Cave Temples in the Western Deccan
260 _bMarg Publication
260 _c2013
300 _a140 P.,
999 _c3268
_d3268